escop(o)etas para una muerte en versos b...ala (Record no. 1419)

MARC details
000 -LEADER
campo de control de longitud fija 00340nam a2200121 4500
008 - DATOS DE LONGITUD FIJA--INFORMACIÓN GENERAL
campo de control de longitud fija 861 T998e
082 ## - NÚMERO DE LA CLASIFICACIÓN DECIMAL DEWEY
Número de clasificación 861
Número de ítem T998e
100 ## - ENTRADA PRINCIPAL--NOMBRE DE PERSONA
Nombre de persona Tzoc, Manuel
9 (RLIN) 5646
245 ## - MENCIÓN DEL TÍTULO
Título escop(o)etas para una muerte en versos b...ala
260 ## - PUBLICACIÓN, DISTRIBUCIÓN, ETC.
Lugar de publicación, distribución, etc. Guatemala
Nombre del editor, distribuidor, etc. ediciones bizarras
Fecha de publicación, distribución, etc. 2015
300 ## - DESCRIPCIÓN FÍSICA
Extensión 55
Otras características físicas ill
Dimensiones 17 x 9 cm
650 ## - PUNTO DE ACCESO ADICIONAL DE MATERIA--TÉRMINO DE MATERIA
Subdivisión general literatura
-- Guatemala
-- poesía
9 (RLIN) 6227
Holdings
Estatus retirado Estado de pérdida Fuente del sistema de clasificación o colocación Estado de daño No para préstamo Biblioteca de origen Biblioteca actual Ubicación en estantería Fecha de adquisición Total de préstamos Signatura topográfica completa Visto por última vez Precio de reemplazo Tipo de ítem Koha
    Clasificación Decimal Dewey     Biblioteca LadoV Biblioteca LadoV   14/04/2018   861 T998e 14/04/2018 14/04/2018 Material 01